| 000 | 00665nam a22002057a 4500 | ||
|---|---|---|---|
| 005 | 20140728121249.0 | ||
| 010 | _aENG-110069 | ||
| 020 |
_a9789380607368 _c995.00 |
||
| 035 | _aEN-93602 | ||
| 037 | _bDBAD/PUB | ||
| 082 | _a954 | ||
| 245 |
_aHistory, ideas and society : _cedited by S.Z.H. Jafri _bS.C. Mishra memorial lectures in history / |
||
| 260 |
_aDelhi _bPrimus books _c2014 |
||
| 270 |
_aVirat Bhavan, Mukherjee Nagar Commercial Complex _bDelhi _e110009 |
||
| 300 |
_aviii,283p. _c24cm(Hb) |
||
| 490 | _aIndian History congress monograph series | ||
| 500 | _aIncludes index | ||
| 700 | _aJafri, S.Z.H. | ||
| 942 |
_2ddc _cEN _mHIS _h954 |
||
| 999 |
_c84486 _d84486 |
||